How technology works : (Record no. 118274)

MARC details
000 -LEADER
campo de control de longitud fija 03038cam a22005177i 4500
001 - NÚMERO DE CONTROL
campo de control 21089219
003 - IDENTIFICADOR DE NÚMERO DE CONTROL
campo de control BJBSDDR
005 - FECHA Y HORA DE LA ÚLTIMA TRANSACCIÓN
campo de control 20230411090904.0
006 - CÓDIGOS DE INFORMACIÓN DE LONGITUD FIJA--CARACTERÍSTICAS DEL MATERIAL ADICIONAL
campo de control de longitud fija a|||||r|||| 00| 0
007 - CAMPO FIJO DE DESCRIPCIÓN FÍSICA--INFORMACIÓN GENERAL
campo de control de longitud fija ta
008 - DATOS DE LONGITUD FIJA--INFORMACIÓN GENERAL
campo de control de longitud fija 190717s2019 nyua e 001 0 eng d
010 ## - NÚMERO DE CONTROL DE LA BIBLIOTECA DEL CONGRESO
Número de control de LC 2019286203
020 ## - NÚMERO INTERNACIONAL ESTÁNDAR DEL LIBRO
Número Internacional Estándar del Libro 9781465479648 (hardcover)
020 ## - NÚMERO INTERNACIONAL ESTÁNDAR DEL LIBRO
Número Internacional Estándar del Libro 1465479643 (hardcover)
035 ## - NÚMERO DE CONTROL DEL SISTEMA
Número de control de sistema (OCoLC)on1039670214
040 ## - FUENTE DE CATALOGACIÓN
Centro catalogador/agencia de origen YDX
Lengua de catalogación eng
Centro/agencia transcriptor YDX
Normas de descripción rda
Centro/agencia modificador OCLCQ
-- VI#
-- SFR
-- OI6
-- JAS
-- UAP
-- OCLCF
-- IUK
-- NTG
-- OCL
-- DLC
041 ## - CÓDIGO DE IDIOMA
Código de lengua del texto/banda sonora o título independiente eng
042 ## - CÓDIGO DE AUTENTICACIÓN
Código de autenticación lccopycat
050 14 - SIGNATURA TOPOGRÁFICA DE LA BIBLIOTECA DEL CONGRESO
Número de clasificación T 173.8
Número de ítem H847 2019
082 00 - NÚMERO DE LA CLASIFICACIÓN DECIMAL DEWEY
Número de clasificación 620
245 00 - MENCIÓN DEL TÍTULO
Título How technology works :
Resto del título the facts visually explained /
Mención de responsabilidad, etc. contributors, Jack Challoner [and 6 others].
250 ## - MENCION DE EDICION
Mención de edición First American edition.
264 #1 - PRODUCCIÓN, PUBLICACIÓN, DISTRIBUCIÓN, FABRICACIÓN Y COPYRIGHT
Producción, publicación, distribución, fabricación y copyright New York, New York :
Nombre del de productor, editor, distribuidor, fabricante DK Publishing,
Fecha de producción, publicación, distribución, fabricación o copyright 2019.
300 ## - DESCRIPCIÓN FÍSICA
Extensión 255 pages :
Otras características físicas color illustrations ;
Dimensiones 24 cm
336 ## - TIPO DE CONTENIDO
Término de tipo de contenido text
Código de tipo de contenido txt
Fuente rdacontent
337 ## - TIPO DE MEDIO
Nombre/término del tipo de medio unmediated
Código del tipo de medio n
Fuente rdamedia
338 ## - TIPO DE SOPORTE
Nombre/término del tipo de soporte volume
Código del tipo de soporte nc
Fuente rdacarrier
500 ## - NOTA GENERAL
Nota general Subtitle from cover.
500 ## - NOTA GENERAL
Nota general Includes index.
505 0# - NOTA DE CONTENIDO CON FORMATO
Nota de contenido con formato Power technology -- Transportation technology -- Materials and construction technology -- Technology in the home -- Sound and vision technology -- Computer technology -- Communications technology -- Farming and food technology -- Medical technology.
520 ## - RESUMEN, ETC.
Sumario, etc. "How Technology Works demystifies the machinery that keeps the modern world going, from simple objects such as zip fasteners and can openers to the latest, most sophisticated devices of the information age, including smartwatches, personal digital assistants, and driverless cars. It includes inventions that have changed the course of history, like the internal combustion engine, as well as technologies that might hold the key to our future survival, including solar cells and new kinds of farming to feed a growing population. Throughout the book, step-by-step explanations are supported by simple and original graphics that take devices apart and show you how they work. The opening chapter explains principles that underpin lots of devices, from basic mechanics to electricity to digital technology. From there, devices are grouped by application-such as the home, transportation, and computing-making them easy to find and placing similar devices side by side"--
Fuente proveedora Publisher's description.
650 #0 - PUNTO DE ACCESO ADICIONAL DE MATERIA--TÉRMINO DE MATERIA
Término de materia o nombre geográfico como elemento de entrada Technology
Subdivisión de forma Popular works.
650 #0 - PUNTO DE ACCESO ADICIONAL DE MATERIA--TÉRMINO DE MATERIA
Término de materia o nombre geográfico como elemento de entrada Engineering
Subdivisión de forma Popular works.
650 #4 - PUNTO DE ACCESO ADICIONAL DE MATERIA--TÉRMINO DE MATERIA
Término de materia o nombre geográfico como elemento de entrada Tecnología
9 (RLIN) 10010
655 #7 - TERMINO DE INDIZACIÓN--GENERO/FORMA
Datos o término principal de género/forma Popular works.
Fuente del término fast
Número de control del registro de autoridad o número normalizado (OCoLC)fst01423846
700 1# - ENTRADA AGREGADA--NOMBRE PERSONAL
Nombre de persona Challoner, Jack.
Término indicativo de función/relación contributor.
9 (RLIN) 26643
700 1# - ENTRADA AGREGADA--NOMBRE PERSONAL
Nombre de persona Gifford, Clive.
Término indicativo de función/relación contributor.
9 (RLIN) 26644
700 1# - ENTRADA AGREGADA--NOMBRE PERSONAL
Nombre de persona Graham, Ian
Fechas asociadas al nombre 1953-
Término indicativo de función/relación contributor.
9 (RLIN) 19398
700 1# - ENTRADA AGREGADA--NOMBRE PERSONAL
Nombre de persona Horobin, Wendy.
Término indicativo de función/relación contributor.
9 (RLIN) 26646
700 1# - ENTRADA AGREGADA--NOMBRE PERSONAL
Nombre de persona Humphrey, Andrew,
Fechas asociadas al nombre 1970-
Término indicativo de función/relación contributor.
9 (RLIN) 26647
700 1# - ENTRADA AGREGADA--NOMBRE PERSONAL
Nombre de persona Lamb, Hilary.
Término indicativo de función/relación contributor.
9 (RLIN) 26648
700 1# - ENTRADA AGREGADA--NOMBRE PERSONAL
Nombre de persona Sharp, Katie John.
Término indicativo de función/relación contributor.
9 (RLIN) 26649
906 ## - ELEMENTOS DE DATOS F LOCAL, LDF (RLIN)
a 7
b cbc
c copycat
d 2
e ncip
f 20
g y-gencatlg
942 ## - ELEMENTOS DE ENTRADA SECUNDARIOS (KOHA)
Fuente del sistema de clasificación o colocación Clasificación de Library of Congress
Tipo de ítem Koha Libro
Holdings
Estatus retirado Estado de pérdida Fuente del sistema de clasificación o colocación Estado de daño No para préstamo Colección Biblioteca de origen Biblioteca actual Ubicación en estantería Fecha de adquisición Signatura topográfica completa Código de barras Visto por última vez Copia número Tipo de ítem Koha
    Clasificación de Library of Congress     Humanidades Biblioteca Juan Bosch Biblioteca Juan Bosch Humanidades (4to. Piso) 29/11/2022 T 173.8 H847 2019 00000165183 29/11/2022 1 Libro